Zapojení s integrovanými obvody /

Saved in:
Bibliographic Details
Main Authors: Syrovátko, Milan (Author), Černoch, Boleslav (Author)
Format: Book
Published: Praha : SNTL, 1987
Edition:3.vyd.
Tags: Add Tag
No Tags, Be the first to tag this record!

MARC

LEADER 00000nam a22000003a 4500
001 stu15321
005 20150617225800.0
008 ------s1987----cs----------------------d
040 |a STU  |b slo 
041 0
044 |a cs 
080 |a 621.372 
100 1 |a Syrovátko, Milan  |4 aut 
245 1 |a Zapojení s integrovanými obvody /  |c [aut.]Syrovátko,Milan, Černoch,Boleslav 
250 |a 3.vyd. 
260 |a Praha :  |b SNTL,  |c 1987 
300 |a 410 s :  |b Obr.,tab.,grafy,lit.,index 
700 1 |a Černoch, Boleslav  |4 aut 
996 |b C78465  |c C*78465  |l CCVIIIB  |s P  |a 0  |w stu15321_0001 
996 |b C78587  |c C*78587  |l CCXXV  |s P  |a 0  |w stu15321_0002 
996 |b C80089  |c C*80089  |l CCVIIIB  |s P  |a 0  |w stu15321_0003 
996 |b C78604  |c C*78604  |l CCVI  |s P  |a 0  |w stu15321_0004